logo

Bir Sreshtho Munshi Abdur Rouf Library
Jhenaidah Cadet College

দামামা / (Record no. 3467)

MARC details
000 -LEADER
fixed length control field 00620nam a2200229 a 4500
001 - CONTROL NUMBER
JCCL Control Number 3467
003 - CONTROL NUMBER IDENTIFIER
JCCL marc code BD-JhCC
005 - DATE AND TIME OF LATEST TRANSACTION
control field 20171113205806.0
008 - FIXED-LENGTH DATA ELEMENTS--GENERAL INFORMATION
fixed length control field 171113s2006 bg |||| ||a| 000 0 ben d
020 ## - INTERNATIONAL STANDARD BOOK NUMBER
International Standard Book Number 984872902X
035 ## - SYSTEM CONTROL NUMBER
system control number (BD-JhCC)3467
040 ## - CATALOGING SOURCE
Original cataloging agency BD-JhCC
Modifying agency BD-JhCC
041 ## - LANGUAGE CODE
Language code of Book ben
082 ## - DEWEY DECIMAL CLASSIFICATION NUMBER
Classification number 891.4435
Author mark and Year RAS 2006
100 ## - MAIN ENTRY--PERSONAL NAME
Personal name রশীদ, সুজা
245 ## - TITLE STATEMENT
Title দামামা /
Statement of responsibility, etc সুজা রশীদ,
260 ## - PUBLICATION, DISTRIBUTION, ETC. (IMPRINT)
Place of publication, distribution, etc ঢাকা :
Name of publisher, distributor, etc তুর্য প্রকাশনী,
Date of publication, distribution, etc 2006
300 ## - PHYSICAL DESCRIPTION
Pagination 126 p.
Dimensions 20 cm.
650 ## - SUBJECT ADDED ENTRY--TOPICAL TERM
Topical term or geographic name as entry element Historical Stories
942 ## - ADDED ENTRY ELEMENTS (KOHA)
Source of classification or shelving scheme Dewey Decimal Classification
Koha item type Books
Holdings
Source of classification or shelving scheme Damaged status Not for loan Home library Current library Shelving location Date of accession Cost, normal purchase price Total Checkouts Full call number Barcode Date last seen Copy number Koha item type
Dewey Decimal Classification     JCC Rouf Library JCC Rouf Library General Stacks 11/13/2017 125.00   891.4435 RAS 2006 3894 11/13/2017 C-2 Books
Dewey Decimal Classification     JCC Rouf Library JCC Rouf Library General Stacks 12/20/2017 125.00   891.4435 RAS 2006 74 12/20/2017 C-1 Books

JCC Library | Contacts | JCC Home

Last Update on 23 September 2017
Copyright @ 2017-2020 JCC Rouf Library
Rouf Library, Jhenidah Cadet College (JCC), Bangladesh